| 000 | 00427nam a22001697a 4500 | ||
|---|---|---|---|
| 005 | 20230511092020.0 | ||
| 008 | 230511b ||||| |||| 00| 0 eng d | ||
| 040 | _cAL | ||
| 041 | _aEnglish | ||
| 082 |
_223 _a954/123 _bWADH |
||
| 100 |
_aM R Wadhwani _9102142 |
||
| 245 | _aHistory: II Puc | ||
| 260 |
_aBombay _bSheth Publishers _c1982 |
||
| 650 |
_aHistory _9102143 |
||
| 700 |
_aWADHWANI (M R) _9102144 |
||
| 942 |
_2ddc _cSG |
||
| 999 |
_c227306 _d227306 |
||